Luke 18-24 / (Record no. 7007)
[ view plain ]
| 000 -LEADER | |
|---|---|
| fixed length control field | 03817cam a22003617a 4500 |
| 001 - CONTROL NUMBER | |
| control field | 18578362 |
| 003 - CONTROL NUMBER IDENTIFIER | |
| control field | GBCCL |
| 005 - DATE AND TIME OF LATEST TRANSACTION | |
| control field | 20241126110617.0 |
| 008 - FIXED-LENGTH DATA ELEMENTS--GENERAL INFORMATION | |
| fixed length control field | 150416s2014 ilu b 001 0 eng d |
| 010 ## - | |
| -- | 2012287868 |
| 020 ## - INTERNATIONAL STANDARD BOOK NUMBER | |
| International Standard Book Number | 0802409695 |
| 020 ## - INTERNATIONAL STANDARD BOOK NUMBER | |
| International Standard Book Number | 9780802409690 |
| 035 ## - SYSTEM CONTROL NUMBER | |
| System control number | (OCoLC)ocn826685542 |
| 040 ## - CATALOGING SOURCE | |
| Original cataloging agency | YDXCP |
| Language of cataloging | eng |
| Transcribing agency | YDXCP |
| Modifying agency | BDX |
| -- | CNTCS |
| -- | OCLCO |
| -- | SGB |
| -- | MXL |
| -- | DLC |
| Description conventions | rda |
| Modifying agency | DLC |
| 042 ## - | |
| -- | lccopycat |
| 050 00 - | |
| -- | BS2595.53 |
| -- | .M334 2014 |
| 082 04 - DEWEY DECIMAL CLASSIFICATION NUMBER | |
| Classification number | 225.77 |
| Item number | MAC |
| 100 1# - MAIN ENTRY--PERSONAL NAME | |
| Personal name | MacArthur, John, |
| Dates associated with a name | 1939- |
| 9 (RLIN) | 1165 |
| 245 10 - TITLE STATEMENT | |
| Title | Luke 18-24 / |
| Statement of responsibility, etc. | John MacArthur. |
| 250 ## - EDITION STATEMENT | |
| Edition statement | Indian edition |
| 264 #1 - PRODUCTION, PUBLICATION, DISTRIBUTION, MANUFACTURE, AND COPYRIGHT NOTICE | |
| Place of production, publication, distribution, manufacture | Chicago : |
| Name of producer, publisher, distributor, manufacturer | Moody Publishers, |
| Date of production, publication, distribution, manufacture, or copyright notice | 2014. |
| 300 ## - PHYSICAL DESCRIPTION | |
| Extent | viii, 488 pages ; |
| Dimensions | 24 cm. |
| 490 1# - SERIES STATEMENT | |
| Series statement | The MacArthur New Testament commentary |
| 504 ## - BIBLIOGRAPHY, ETC. NOTE | |
| Bibliography, etc. note | Includes bibliographical references (pages 457-458) and indexes. |
| 505 0# - FORMATTED CONTENTS NOTE | |
| Formatted contents note | Persistent prayer for the Lord's return (Luke 18:1-8) -- Who can be right with God? (Luke 18:9-14) -- Children and the Kingdom of God (Luke 18:15-17) -- The impossibility of salvation (Luke 18:18-30) -- Jesus predicts His sufferings (Luke 18:31-34) -- A blind beggar receives saving sight (Luke 18:35-43) -- A sinner meets the seeking Savior (Luke 19:1-10) -- Fitting rewards from the returning king (Luke 19:11-27) -- Jesus' humble coronation (Luke 19:28-44) -- The King confronts corruption (Luke 19:45-48) -- Rejecting the King's authority (Luke 20:1-8) -- The murder of God's Son: a prophetic parable (Luke 20:9-18) -- A diagnosis of the Christ rejecters (Luke 20:19-26) -- The Savior silences the Sadducees (Luke 20:27-40) -- David's Son and Lord (Luke 20:41-44) -- Confronting error with condemnation, not conversation (Luke 20:45-21:4) -- Signs of Christ's return -- Part 1: Jesus' description of the temple's destruction (Luke 21:5-7) -- Signs of Christ's return -- Part 2: Why Jesus must return to earth (Luke 21:8) -- Signs of Christ's return -- Part 3: Birth pains (Luke 21:8-19) -- Signs of Christ's return -- Part 4: The end is near (Luke 21:20-24) -- SIgns of Christ's return -- Part 5: Celestial signs of the coming Savior (Luke 21:25-28) -- SIgns of Christ's return -- Part 6: The final generation (Luke 21:29-33) -- Signs of Christ's return -- part 7: The believer's gift to Christ (Luke 21:34-36) -- Preparation for the cross (Luke 21:37-22:13) -- The final Passover, the first communion (Luke 22:14-20) -- Table talk on trouble and triumph (Luke 22:21-38) -- Four features of triumphant prayer (Luke 22:39-46) -- A traitorous kiss for the triumphant Savior (Luke 22:47-53) -- The danger of spiritual overconfidence (Luke 22:54-62) -- The sinless Savior before the sinister Sanhedrin (Luke 22:63-71) -- Christ's civil trials -- Part 1: Preliminary hearings before Pilate and Herod (Luke 23:1-12) -- Christ's civil trials -- Part 2: The final verdict from the fickle judge (Luke 23:13-25) -- Characters on the road to the cross (Luke 23:26-32) -- The King crucified: the comedy at Calvary (Luke 23:33-49) -- THe supernatural burial of Jesus Christ (Luke 23:50-56) -- The resurrection of Jesus Christ (Luke 24:1-12) -- Christ: the living expositor (Luke 24:13-32) -- The living Christ dispels all doubt (Luke 24:33-43) -- The Great Commission: proclaiming forgiveness (Luke 24:44-49) -- The significance of the ascension (Luke 24:50-53). |
| 630 00 - SUBJECT ADDED ENTRY--UNIFORM TITLE | |
| Uniform title | Bible. |
| Name of part/section of a work | Luke, XVIII-XXIV |
| Form subdivision | Commentaries. |
| 9 (RLIN) | 12451 |
| 800 1# - | |
| -- | MacArthur, John, |
| -- | 1939- |
| -- | MacArthur New Testament commentary. |
| -- | 12401 |
| 856 42 - ELECTRONIC LOCATION AND ACCESS | |
| Materials specified | Contributor biographical information |
| Uniform Resource Identifier | <a href="http://www.loc.gov/catdir/enhancements/fy1511/2012287868-b.html">http://www.loc.gov/catdir/enhancements/fy1511/2012287868-b.html</a> |
| 856 42 - ELECTRONIC LOCATION AND ACCESS | |
| Materials specified | Publisher description |
| Uniform Resource Identifier | <a href="http://www.loc.gov/catdir/enhancements/fy1511/2012287868-d.html">http://www.loc.gov/catdir/enhancements/fy1511/2012287868-d.html</a> |
| 906 ## - LOCAL DATA ELEMENT F, LDF (RLIN) | |
| a | 7 |
| b | cbc |
| c | copycat |
| d | 2 |
| e | ncip |
| f | 20 |
| g | y-gencatlg |
| 942 ## - ADDED ENTRY ELEMENTS (KOHA) | |
| Source of classification or shelving scheme | Dewey Decimal Classification |
| Koha item type | Reference Books |
| Withdrawn status | Lost status | Source of classification or shelving scheme | Damaged status | Not for loan | Home library | Current Library | Shelving location | Date acquired | Total checkouts | Full call number | Barcode | Date last seen | Copy number | Price effective from | Koha item type |
|---|---|---|---|---|---|---|---|---|---|---|---|---|---|---|---|
| Dewey Decimal Classification | GRACE BIBLE COLLEGE | GRACE BIBLE COLLEGE | Commentary | 2018-07-05 | 225.77 MAC | 013049 | 2025-05-01 | c.1 | 2018-07-05 | Reference Books |